000 01126nam a2200277Ia 4500
003 PE SENCICO BE
005 20251020182435.0
008 200515s9999 xx 000 0 und d
020 _a92-2-301277-5
040 _aPE SENCICO BE
_cPE SENCICO BE
041 _aspa
082 _a370.115
_bO3
110 1 _aOficina Internacional del Trabajo
_92255
245 1 0 _aComo mejorar la educación obrera :
_bcolección de artículos sobre métodos y técnicas publicados en el boletín educación obrera /
_cOficina Internacional del Trabajo
250 _a1a ed.
260 _aGinebra :
_bOIT ;
_c1975
300 _a112 páginas :
_bilustraciones, tablas, gráficos ;
_c24 cm.
520 3 _aVeinte artículos que se refieren a los aspectos precisos de los métodos y las técnicas de enseñanza que más se prestan a las actividades de la educación obrera.
650 1 0 _aEducación
_92279
650 2 0 _aEducación obrera
_93039
650 2 0 _aSociología de la educación
_92280
650 2 0 _aFilosofía de la educación
_92278
650 2 0 _aCalidad de la educación
_92692
650 2 0 _aPUB OIT
_92507
942 _cLIB
_2ddc
999 _c357
_d357